[Event "Kandidatklassen"]
[Site "Svendborg"]
[Date "2016.03.25"]
[Round "4"]
[White "Laursen, Niels Norskov"]
[Black "Kristensen, Bjarke Hautop"]
[Result "1/2-1/2"]
[WhiteElo "2289"]
[BlackElo "2150"]
[PlyCount "29"]
[EventDate "2016.03.22"]
[EventType "swiss"]
[EventRounds "7"]
[EventCountry "DEN"]

1. e4 g6 2. d4 Bg7 3. Nf3 d6 4. Be2 a6 5. c4 Nd7 6. Nc3 e5 7. O-O Ngf6 8. Re1
O-O 9. Rb1 a5 10. Bf1 h6 11. a3 Re8 12. d5 a4 13. Bd3 Nc5 14. Bc2 Bg4 15. Be3
1/2-1/2

[Event "Kandidatklassen"]
[Site "Svendborg"]
[Date "2016.03.25"]
[Round "4"]
[White "Dyrgaard, Kristoffer"]
[Black "Olsen, Filip Boe"]
[Result "1/2-1/2"]
[WhiteElo "2308"]
[BlackElo "2192"]
[PlyCount "42"]
[EventDate "2016.03.22"]
[EventType "swiss"]
[EventRounds "7"]
[EventCountry "DEN"]

1. e4 c6 2. d4 d5 3. exd5 cxd5 4. c4 Nf6 5. Nc3 Nc6 6. Bg5 dxc4 7. Bxc4 h6 8.
Be3 e6 9. Nf3 Be7 10. O-O O-O 11. a3 b6 12. d5 Na5 13. Ba2 exd5 14. Nxd5 Nxd5
15. Bxd5 Bb7 16. Bxb7 Nxb7 17. Nd4 Bf6 18. Qg4 Nd6 19. Rad1 Qc8 20. Qf3 Qb7 21.
Nc6 Nf5 1/2-1/2

[Event "Kandidatklassen"]
[Site "Svendborg"]
[Date "2016.03.25"]
[Round "4"]
[White "Seegert, Kristian"]
[Black "Schou Moldt, Thomas"]
[Result "1/2-1/2"]
[WhiteElo "2266"]
[BlackElo "2186"]
[PlyCount "112"]
[EventDate "2016.03.22"]
[EventType "swiss"]
[EventRounds "7"]
[EventCountry "DEN"]

1. e4 d6 2. d4 Nf6 3. Nc3 g6 4. Be3 c6 5. Qd2 b5 6. e5 b4 7. exf6 bxc3 8. Qxc3
exf6 9. h4 h5 10. Bd3 d5 11. O-O-O Bd6 12. Re1 O-O 13. Bh6 Re8 14. Rxe8+ Qxe8
15. Nh3 Bxh3 16. Rxh3 Nd7 17. Ba6 Qb8 18. Qxc6 Bf4+ 19. Kb1 Bxh6 20. Qxd7 Qf4
21. a3 Rb8 22. Rb3 Rxb3 23. cxb3 Qxd4 24. Bb7 Bg7 25. Qxd5 Qxf2 26. b4 Qxh4 27.
Qb3 f5 28. b5 Bd4 29. a4 Qe1+ 30. Ka2 Bb6 31. Bd5 Qe7 32. Qc3 Qc5 33. Qxc5 Bxc5
34. a5 Kf8 35. b4 Bd6 36. Kb3 Ke7 37. b6 axb6 38. a6 Bb8 39. Kc4 Ba7 40. Kb5
Kd7 41. Bxf7 h4 42. Bxg6 f4 43. Be4 Kc7 44. Kc4 b5+ 45. Kxb5 Bf2 46. Kc4 Kb6
47. b5 Ka7 48. Bd3 Kb6 49. Be2 Ka7 50. Kd5 Kb6 51. Ke5 Bg3 52. Bf3 Ka7 53. Kd6
Bf2 54. Kc6 Bg1 55. Kd5 Bf2 56. Ke5 Bg3 1/2-1/2

[Event "Kandidatklassen"]
[Site "Svendborg"]
[Date "2016.03.26"]
[Round "5"]
[White "Stentebjerg Hansen, Per"]
[Black "Christensen, Christian Sylvester"]
[Result "1/2-1/2"]
[WhiteElo "2291"]
[BlackElo "2109"]
[PlyCount "72"]
[EventDate "2016.03.22"]
[EventType "swiss"]
[EventRounds "7"]
[EventCountry "DEN"]

1. d4 Nf6 2. c4 e6 3. Nc3 d5 4. cxd5 exd5 5. Bg5 c6 6. Qc2 Be7 7. e3 Nbd7 8.
Bd3 Nh5 9. Bxe7 Qxe7 10. Nf3 g6 11. O-O-O Nb6 12. h3 Ng7 13. g4 Bd7 14. Kb1
O-O-O 15. Ne5 Be8 16. h4 f6 17. Nf3 Bd7 18. Rdg1 Ne6 19. Rg3 Kb8 20. g5 Ng7 21.
gxf6 Qxf6 22. Ne5 Bf5 23. f4 Bxd3 24. Qxd3 Nc8 25. Rg2 Nd6 26. Ka1 Ndf5 27. Rg4
Rhe8 28. Na4 Re7 29. Nc5 Ka8 30. Nb3 Rc7 31. Qc3 Qe7 32. Qd3 Qf6 33. Kb1 Nd6
34. Rg2 Ndf5 35. Rg4 Nd6 36. Rg2 Ndf5 1/2-1/2

[Event "Kandidatklassen"]
[Site "Svendborg"]
[Date "2016.03.26"]
[Round "5"]
[White "Bekker Jensen, David"]
[Black "Moller, Morten Kock"]
[Result "1-0"]
[WhiteElo "2230"]
[BlackElo "2244"]
[PlyCount "153"]
[EventDate "2016.03.22"]
[EventType "swiss"]
[EventRounds "7"]
[EventCountry "DEN"]

1. d4 e6 2. c4 f5 3. g3 Nf6 4. Bg2 Be7 5. Nh3 O-O 6. Nc3 d6 7. Nf4 c6 8. d5 e5
9. dxc6 bxc6 10. Nfd5 Be6 11. Nxe7+ Qxe7 12. b3 Rd8 13. Ba3 Qd7 14. Na4 Na6 15.
Bb2 Rac8 16. O-O Qf7 17. e3 Ne4 18. Qe2 Nec5 19. Nxc5 Nxc5 20. Bc3 Ne4 21. Ba5
Re8 22. f3 Nf6 23. Bc3 Nd7 24. Rad1 d5 25. cxd5 cxd5 26. Qb2 f4 27. Bxe5 fxe3
28. Bd4 Bf5 29. Rc1 e2 30. Rfe1 Bd3 31. f4 Rxc1 32. Qxc1 Nf6 33. Bf3 Qe6 34.
Qd2 Qf5 35. Bxf6 gxf6 36. Bxe2 Qe4 37. Kf2 Qd4+ 38. Kf1 Re3 39. Bxd3 Rf3+ 40.
Kg2 Rxd3 41. Qa5 Qb6 42. Qxb6 axb6 43. Kf2 Kf7 44. Ke2 Rc3 45. Kd2 Rf3 46. Re3
Rf2+ 47. Re2 Rf3 48. Kc2 h5 49. a4 h4 50. gxh4 Rxf4 51. h5 Rh4 52. Kc3 Rxh5 53.
Kb4 Rh3 54. Rb2 Re3 55. Kb5 Re6 56. b4 f5 57. a5 bxa5 58. bxa5 Re1 59. Ra2 Ke6
60. a6 Rb1+ 61. Kc5 Rc1+ 62. Kd4 Rc4+ 63. Kd3 Rc8 64. a7 Ra8 65. Kd4 Kd6 66. h4
f4 67. Ra6+ Kc7 68. h5 Kb7 69. Ra3 f3 70. Rxf3 Rh8 71. Rh3 Rh6 72. Kxd5 Kxa7
73. Ke5 Kb7 74. Kf5 Rc6 75. h6 Rc5+ 76. Ke6 Rc6+ 77. Kd5 1-0

[Event "Kandidatklassen"]
[Site "Svendborg"]
[Date "2016.03.26"]
[Round "5"]
[White "Kristensen, Bjarke Hautop"]
[Black "Jaksland, Tim"]
[Result "0-1"]
[WhiteElo "2150"]
[BlackElo "2261"]
[PlyCount "108"]
[EventDate "2016.03.22"]
[EventType "swiss"]
[EventRounds "7"]
[EventCountry "DEN"]

1. c4 Nf6 2. g3 g6 3. Bg2 Bg7 4. Nc3 O-O 5. e4 c5 6. Nge2 Nc6 7. O-O d6 8. d3
Ne8 9. Be3 Nd4 10. Qd2 Nc7 11. f4 f5 12. Rab1 a5 13. Bf2 Nce6 14. Nxd4 Nxd4 15.
Ne2 Nxe2+ 16. Qxe2 Qc7 17. Rfd1 e5 18. fxe5 Bxe5 19. d4 cxd4 20. Bxd4 f4 21.
Bxe5 dxe5 22. b3 Be6 23. Rd2 fxg3 24. hxg3 Rad8 25. Rbd1 Qb6+ 26. Kh2 Kg7 27.
Rxd8 Rxd8 28. Rd3 Rxd3 29. Qxd3 Qd4 30. Qe2 b6 31. Bf3 h5 32. Kg2 Kf6 33. Qf1
Kg7 34. Qe2 Kf6 35. Qf1 Qd2+ 36. Qe2 Qd4 37. Qf2 Qxf2+ 38. Kxf2 a4 39. Be2 a3
40. Ke3 Kg5 41. Bf3 h4 42. gxh4+ Kxh4 43. Kf2 g5 44. Kg2 g4 45. Be2 g3 46. b4
Bh3+ 47. Kg1 Kg5 48. b5 Kf4 49. c5 bxc5 50. b6 Bc8 51. Bc4 Kxe4 52. Bf1 Kd4 53.
Bh3 Bb7 54. Bg2 e4 0-1

[Event "Kandidatklassen"]
[Site "Svendborg"]
[Date "2016.03.26"]
[Round "5"]
[White "Moller, Sophus Mechlenburg"]
[Black "Knudsen, Jesper"]
[Result "1-0"]
[WhiteElo "2102"]
[BlackElo "2087"]
[PlyCount "103"]
[EventDate "2016.03.22"]
[EventType "swiss"]
[EventRounds "7"]
[EventCountry "DEN"]

1. e4 d6 2. d4 g6 3. Nc3 Bg7 4. Be3 Nd7 5. h4 e5 6. Qd2 Ngf6 7. f3 a6 8. O-O-O
h5 9. Nh3 b5 10. Ng5 Bb7 11. Kb1 Qe7 12. Be2 O-O-O 13. Rhe1 Rhe8 14. a4 b4 15.
Na2 exd4 16. Qxd4 Ng4 17. Qa7 Nxe3 18. Bxa6 Nc5 19. Bxb7+ Nxb7 20. Rxe3 c5 21.
a5 f6 22. Ne6 Qxe6 23. a6 Na5 24. Qxg7 Re7 25. Qxg6 Rg8 26. a7 Rxa7 27. Rxd6
Rxg6 28. Rxe6 Rxg2 29. b3 Rd7 30. Ra6 Rg1+ 31. Kb2 Rdd1 32. Nc3 bxc3+ 33. Kxc3
Nb7 34. Rxf6 Rh1 35. e5 Rxh4 36. e6 Nd6 37. Rf8+ Kc7 38. e7 Rh3 39. Re6 Kd7 40.
Rxd6+ Kxe7 41. Rxd1 Kxf8 42. Kc4 Rxf3 43. Rd5 h4 44. Rxc5 h3 45. Rh5 Kg7 46.
Kb4 Kg6 47. Rh8 Kg5 48. c4 Kg4 49. c5 Rf5 50. c6 Rh5 51. Rxh5 Kxh5 52. c7 1-0

[Event "Kandidatklassen"]
[Site "Svendborg"]
[Date "2016.03.26"]
[Round "5"]
[White "Jepsen, Thomas Stausholm"]
[Black "Aagaard, Gert"]
[Result "1/2-1/2"]
[WhiteElo "2085"]
[BlackElo "2079"]
[PlyCount "109"]
[EventDate "2016.03.22"]
[EventType "swiss"]
[EventRounds "7"]
[EventCountry "DEN"]

1. Nf3 Nf6 2. g3 c6 3. Bg2 d5 4. d3 Bg4 5. O-O h6 6. b3 e6 7. Nbd2 Nbd7 8. Bb2
Be7 9. Qe1 Bf5 10. c4 O-O 11. e4 dxe4 12. dxe4 Bh7 13. e5 Ne8 14. Ne4 Nc5 15.
Nxc5 Bxc5 16. Rd1 Qb6 17. Bc3 Rd8 18. Rxd8 Qxd8 19. Qd1 Nc7 20. b4 Be7 21. Nd4
a6 22. Qg4 Re8 23. Rd1 Qc8 24. Nb3 Rd8 25. Na5 Rd3 26. Rxd3 Bxd3 27. Qd4 Bf5
28. Nb3 Ne8 29. Bd2 Bc2 30. Qc3 Bxb3 31. axb3 Qd7 32. Be4 Bf8 33. h4 f5 34. Bf3
g6 35. Be3 Kh7 36. Be2 Be7 37. Qd2 Qxd2 38. Bxd2 Kg7 39. Bf3 Bf8 40. Kf1 Nc7
41. Ke2 Be7 42. Kd3 g5 43. hxg5 hxg5 44. Kc3 g4 45. Bg2 Kf7 46. Be3 Ke8 47. f3
gxf3 48. Bxf3 Kd7 49. Bh6 Bd8 50. Bh5 Be7 51. Bf3 Bd8 52. Kd4 Be7 53. Bd2 Bf8
54. Kc3 Be7 55. Bh5 1/2-1/2

[Event "Kandidatklassen"]
[Site "Svendborg"]
[Date "2016.03.26"]
[Round "5"]
[White "Grubert, Christian"]
[Black "Nord, Michael"]
[Result "1-0"]
[WhiteElo "2186"]
[BlackElo "2064"]
[PlyCount "87"]
[EventDate "2016.03.22"]
[EventType "swiss"]
[EventRounds "7"]
[EventCountry "DEN"]

1. e4 e6 2. d3 d5 3. Qe2 dxe4 4. dxe4 e5 5. Nf3 Nc6 6. g3 Nf6 7. Bg2 Bc5 8. O-O
O-O 9. Nc3 Bg4 10. Qc4 Bb6 11. Bg5 Bxf3 12. Bxf3 h6 13. Bc1 Nd4 14. Bd1 c6 15.
Re1 Qd7 16. Na4 Qh3 17. Qf1 Qe6 18. Nxb6 axb6 19. c3 Nb5 20. Bb3 Qe7 21. Be3
Nxe4 22. Bxb6 Nd2 23. Qd3 Nxb3 24. axb3 Nc7 25. Rxa8 Rxa8 26. f4 f6 27. fxe5
fxe5 28. Bd4 Rd8 29. Qc4+ Nd5 30. Rxe5 Qf7 31. Qe2 Ra8 32. c4 Ra1+ 33. Kg2 Nf6
34. Re7 Qg6 35. Qe6+ Kh8 36. Bxf6 Qxf6 37. Qxf6 gxf6 38. Rxb7 Rb1 39. Kf3 Rxb2
40. h4 h5 41. g4 c5 42. gxh5 Rh2 43. Kg4 Re2 44. Kf5 1-0

[Event "Kandidatklassen"]
[Site "Svendborg"]
[Date "2016.03.26"]
[Round "5"]
[White "Schou Moldt, Thomas"]
[Black "Hansen, Mads"]
[Result "0-1"]
[WhiteElo "2186"]
[BlackElo "2297"]
[PlyCount "92"]
[EventDate "2016.03.22"]
[EventType "swiss"]
[EventRounds "7"]
[EventCountry "DEN"]

1. e4 e5 2. Nf3 Nc6 3. Bc4 Nf6 4. d3 Be7 5. Bb3 d6 6. h3 O-O 7. O-O Na5 8. Ba4
c5 9. a3 Rb8 10. c3 b5 11. Bc2 Qc7 12. Re1 Nc6 13. Nbd2 h6 14. Nf1 Be6 15. Qe2
Rfe8 16. Ng3 Bf8 17. Nh2 d5 18. Ng4 Nxg4 19. exd5 Bxd5 20. hxg4 b4 21. axb4
cxb4 22. Ba4 Re6 23. Qd1 Ne7 24. Be3 Ng6 25. c4 Ba8 26. Bb3 Bc5 27. Nf5 Rd8 28.
Qc2 Qc6 29. f3 Rf6 30. Qf2 Bxe3 31. Qxe3 a6 32. Ra5 Rxd3 33. Qxd3 Qb6+ 34. Kh2
Qxa5 35. Qd7 Bc6 36. Qa7 e4 37. c5 Qd8 38. Nd6 Rxd6 39. Qxf7+ Kh7 40. cxd6 Qh4+
41. Kg1 Qxe1+ 42. Kh2 Qh4+ 43. Kg1 Qd8 44. Be6 exf3 45. gxf3 Qf8 46. Qf5 Qxd6
0-1

[Event "Kandidatklassen"]
[Site "Svendborg"]
[Date "2016.03.26"]
[Round "5"]
[White "Percivaldi, Martin"]
[Black "Jorgensen, Brian"]
[Result "1/2-1/2"]
[WhiteElo "2270"]
[BlackElo "2288"]
[PlyCount "165"]
[EventDate "2016.03.22"]
[EventType "swiss"]
[EventRounds "7"]
[EventCountry "DEN"]

1. d4 d5 2. c4 e6 3. Nf3 c5 4. cxd5 exd5 5. g3 Nc6 6. Bg2 Nf6 7. O-O Be7 8. Nc3
O-O 9. dxc5 Bxc5 10. Na4 Be7 11. Be3 Ne4 12. Rc1 Re8 13. Nd4 Bd7 14. Nc3 Nxd4
15. Bxd4 Bc6 16. Qd3 Bf8 17. Rfd1 Qa5 18. Qb1 Rad8 19. e3 Ng5 20. Ne2 Qa6 21.
Nf4 Ne4 22. Nd3 Bb5 23. Nf4 Bc6 24. b3 Qa3 25. Bb2 Qa5 26. Qa1 Rd6 27. Bd4 Rh6
28. Nd3 Bb5 29. Ne5 Qa6 30. Rc2 f6 31. Nf3 Bd3 32. Rc7 Bd6 33. Rxb7 Qxb7 34.
Rxd3 Rh5 35. Qd1 Ba3 36. Nh4 Qf7 37. Bf3 Rxh4 38. gxh4 Rc8 39. Qe2 Qg6+ 40. Bg2
a5 41. Rd1 Bb4 42. h5 Qf5 43. f4 g5 44. hxg6 hxg6 45. Bf3 Qe6 46. Qg2 Rc7 47.
Bxe4 dxe4 48. Kh1 Qf5 49. Rg1 Kf7 50. Qg3 Rc2 51. Qh4 Bf8 52. h3 Bg7 53. Rg2
Rc1+ 54. Kh2 Rc8 55. Qg3 Bf8 56. Rf2 Bd6 57. Kg2 Bc5 58. Bxc5 Rxc5 59. Rd2 Rd5
60. Qe1 Rd3 61. Rc2 g5 62. Qg3 Kg6 63. fxg5 Qxg5 64. Qxg5+ Kxg5 65. Kf2 f5 66.
Ke2 Rd5 67. Rc8 a4 68. b4 a3 69. Rc5 Rd8 70. b5 Rh8 71. b6 Rxh3 72. Rb5 Rh2+
73. Kd1 Rh8 74. Kc2 Kg4 75. Kb3 Rb8 76. Kxa3 Kf3 77. Rxf5+ Kxe3 78. Rf6 Ra8+
79. Kb3 Kd4 80. a4 Kc5 81. Kc3 Rxa4 82. b7 Rc4+ 83. Kd2 1/2-1/2

[Event "Kandidatklassen"]
[Site "Svendborg"]
[Date "2016.03.26"]
[Round "5"]
[White "Thybo, Jesper Sondergaard"]
[Black "Matthiesen, Martin"]
[Result "1-0"]
[WhiteElo "2316"]
[BlackElo "2396"]
[PlyCount "97"]
[EventDate "2016.03.22"]
[EventType "swiss"]
[EventRounds "7"]
[EventCountry "DEN"]

1. c4 e5 2. g3 Nc6 3. Bg2 f5 4. Nc3 Nf6 5. d3 Bb4 6. Bd2 O-O 7. Nf3 d6 8. O-O
Bxc3 9. Bxc3 Qe8 10. b4 Qh5 11. e3 f4 12. b5 Nd8 13. exf4 Bg4 14. h3 Bxh3 15.
Bxh3 Qxh3 16. Ng5 Qf5 17. fxe5 Ng4 18. Qd2 h6 19. e6 Nxe6 20. Nxe6 Qxe6 21.
Rae1 Qd7 22. Re2 Rae8 23. Bd4 Ne5 24. Bxe5 dxe5 25. Rfe1 Rf3 26. d4 Qf7 27.
dxe5 Qxc4 28. Qd7 Rff8 29. Rd2 Qc5 30. Qd5+ Qxd5 31. Rxd5 Rf5 32. Kg2 g5 33. a4
Re7 34. Re4 h5 35. f4 h4 36. gxh4 gxf4 37. Kf3 Rh5 38. Kg4 Reh7 39. Rd8+ Kf7
40. e6+ Ke7 41. Rd7+ Ke8 42. e7 Rxh4+ 43. Kf3 Rh3+ 44. Kf2 Rh2+ 45. Ke1 Rh1+
46. Kd2 R1h2+ 47. Kc3 R7h3+ 48. Kb4 a5+ 49. Kxa5 1-0

[Event "Kandidatklassen"]
[Site "Svendborg"]
[Date "2016.03.26"]
[Round "5"]
[White "Jacobsen, Mikkel Manosri"]
[Black "Seegert, Kristian"]
[Result "1-0"]
[WhiteElo "2181"]
[BlackElo "2266"]
[PlyCount "107"]
[EventDate "2016.03.22"]
[EventType "swiss"]
[EventRounds "7"]
[EventCountry "DEN"]

1. d4 f5 2. Nc3 Nf6 3. Bg5 d5 4. Bxf6 exf6 5. e3 Be6 6. Qf3 Qd7 7. Bb5 Nc6 8.
Nge2 O-O-O 9. a3 g5 10. g3 a6 11. Ba4 b5 12. Bb3 Na5 13. Nc1 f4 14. gxf4 Nxb3
15. Nxb3 Bg4 16. Qg2 gxf4 17. Nxd5 Qxd5 18. Qxg4+ f5 19. Qg1 Qf3 20. Nd2 Qh5
21. Qg2 fxe3 22. Qa8+ Kd7 23. Qd5+ Bd6 24. Nf3 exf2+ 25. Kxf2 Kc8 26. Qa8+ Kd7
27. Qd5 c6 28. Ne5+ Ke7 29. Nxc6+ Kf6 30. Ne5 Qh4+ 31. Ke2 Rhf8 32. Rag1 Qh5+
33. Qf3 Qxf3+ 34. Nxf3 Bf4 35. Kd3 Rd7 36. Re1 Rg7 37. Rhg1 Rfg8 38. Rxg7 Rxg7
39. d5 Rg2 40. Re6+ Kf7 41. Ne5+ Bxe5 42. Rxe5 Rxh2 43. b3 f4 44. Rf5+ Ke7 45.
Rxf4 a5 46. c4 a4 47. cxb5 Rh3+ 48. Kc4 Rxb3 49. Kc5 Rxa3 50. d6+ Kd7 51. Rf7+
Kc8 52. b6 Rc3+ 53. Kd4 Rb3 54. Rc7+ 1-0

[Event "Kandidatklassen"]
[Site "Svendborg"]
[Date "2016.03.26"]
[Round "5"]
[White "Olsen, Filip Boe"]
[Black "Laursen, Niels Norskov"]
[Result "0-1"]
[WhiteElo "2192"]
[BlackElo "2289"]
[PlyCount "78"]
[EventDate "2016.03.22"]
[EventType "swiss"]
[EventRounds "7"]
[EventCountry "DEN"]

1. d4 Nf6 2. c4 e6 3. Nf3 c5 4. d5 exd5 5. cxd5 d6 6. Nc3 g6 7. Bf4 a6 8. a4
Bg7 9. e3 O-O 10. h3 Qe7 11. Nd2 Nbd7 12. Be2 b6 13. O-O Ne8 14. Bh2 f5 15. Qb3
Rb8 16. Nc4 Kh8 17. Rfe1 Rf7 18. e4 f4 19. Bg4 Ne5 20. Bxc8 Rxc8 21. Nxb6 Rb8
22. a5 f3 23. Re3 Qg5 24. Bg3 h5 25. h4 Qg4 26. Qd1 g5 27. Qf1 gxh4 28. Bh2 h3
29. g3 Nc7 30. Ra4 Bh6 31. Re1 Bd2 32. Nd1 Nb5 33. Ne3 Bxe3 34. Rxe3 Nd4 35.
Rxd4 cxd4 36. Rb3 Rc7 37. Ra3 d3 38. Qe1 Qg5 39. Rc3 d2 0-1

[Event "Kandidatklassen"]
[Site "Svendborg"]
[Date "2016.03.26"]
[Round "5"]
[White "Rostgaard, Tobias Valentin"]
[Black "Dyrgaard, Kristoffer"]
[Result "0-1"]
[WhiteElo "2222"]
[BlackElo "2308"]
[PlyCount "154"]
[EventDate "2016.03.22"]
[EventType "swiss"]
[EventRounds "7"]
[EventCountry "DEN"]

1. Nf3 Nf6 2. g3 g6 3. Bg2 Bg7 4. c4 O-O 5. O-O d5 6. cxd5 Nxd5 7. Nc3 c5 8.
Nxd5 Qxd5 9. d3 Nc6 10. Be3 Bd7 11. Qd2 b6 12. Rfc1 Qd6 13. Bh6 Rac8 14. h4 Nd4
15. Bxg7 Kxg7 16. h5 Bg4 17. h6+ Kg8 18. Nxd4 cxd4 19. Bb7 Rb8 20. Bf3 Bxf3 21.
exf3 Rbc8 22. Rxc8 Rxc8 23. Rc1 Rc7 24. Rxc7 Qxc7 25. Qb4 Qd7 26. Qe1 f6 27.
Qe4 Kf7 28. Qa8 e5 29. Qh8 Ke6 30. Kg2 Qb7 31. g4 g5 32. b4 Qf7 33. Qc8+ Qd7
34. Qa8 Kf7 35. Qe4 Ke8 36. a4 Kd8 37. Qa8+ Ke7 38. Qg8 Kd6 39. Qf8+ Ke6 40. b5
Qb7 41. Qe8+ Kd6 42. Qg8 Qd7 43. Qa8 Qc7 44. Qe4 Qd7 45. Kg3 Kc5 46. Qa8 Kd6
47. f4 gxf4+ 48. Kf3 Qf7 49. Qc6+ Ke7 50. Qc7+ Ke6 51. Qc6+ Ke7 52. Qe4 Kd6 53.
Ke2 Qa2+ 54. Kf1 Qd5 55. Qf5 Qh1+ 56. Ke2 Qxh6 57. Qe4 Qg6 58. Qc6+ Ke7 59.
Qc7+ Kf8 60. Qb8+ Kg7 61. Qxa7+ Kh6 62. Qd7 f3+ 63. Kd2 Qg8 64. Qc6 Qa2+ 65.
Qc2 Qa1 66. Qc6 Qa2+ 67. Qc2 Qa3 68. Ke1 Kg5 69. Kd1 Kxg4 70. Qc8+ Kh4 71. Qf5
Qxa4+ 72. Kc1 Qa1+ 73. Kc2 Qa2+ 74. Kc1 Qxf2 75. Qxf6+ Kh3 76. Qf5+ Kg2 77.
Qg4+ Qg3 0-1

[Event "Kandidatklassen"]
[Site "Svendborg"]
[Date "2016.03.26"]
[Round "5"]
[White "Thogersen, Rasmus"]
[Black "Thuesen, Mogens Henrik"]
[Result "1/2-1/2"]
[WhiteElo "2109"]
[BlackElo "2207"]
[PlyCount "81"]
[EventDate "2016.03.22"]
[EventType "swiss"]
[EventRounds "7"]
[EventCountry "DEN"]

1. e4 e5 2. Nf3 Nc6 3. Bb5 a6 4. Ba4 Nf6 5. O-O b5 6. Bb3 Be7 7. a4 Rb8 8. Re1
O-O 9. axb5 axb5 10. c3 d6 11. d4 exd4 12. cxd4 Bg4 13. Be3 Nb4 14. h3 Bh5 15.
d5 Bxf3 16. Qxf3 Nd3 17. Rf1 Nxb2 18. Qe2 Nc4 19. Bxc4 bxc4 20. Qxc4 Nd7 21.
Ra7 Nc5 22. Nc3 Re8 23. e5 Nd7 24. e6 fxe6 25. dxe6 Ne5 26. Qxc7 Qxc7 27. Rxc7
Bd8 28. Ra7 Rxe6 29. Ra6 Nc4 30. Bf4 Bb6 31. Nd5 Bc5 32. Rc1 Re4 33. Ra4 Nd2
34. Ra2 Nb3 35. Rb1 Rb7 36. Be3 Re5 37. Rab2 Rxd5 38. Rxb3 Rxb3 39. Rxb3 Rd1+
40. Kh2 Bxe3 41. fxe3 1/2-1/2

[Event "Kandidatklassen"]
[Site "Svendborg"]
[Date "2016.03.27"]
[Round "6"]
[White "Christensen, Christian Sylvester"]
[Black "Grubert, Christian"]
[Result "1/2-1/2"]
[WhiteElo "2109"]
[BlackElo "2186"]
[PlyCount "62"]
[EventDate "2016.03.22"]
[EventType "swiss"]
[EventRounds "7"]
[EventCountry "DEN"]

1. d4 f5 2. g3 Nf6 3. Bg2 e6 4. Nh3 Be7 5. O-O O-O 6. c4 d6 7. Nf4 e5 8. Nd5
Nxd5 9. cxd5 Bf6 10. dxe5 Bxe5 11. f4 Bf6 12. Nc3 Nd7 13. Be3 Re8 14. Bd4 Nc5
15. Qd2 a5 16. Rfe1 b6 17. e4 Ba6 18. e5 dxe5 19. fxe5 Bg5 20. Be3 Bxe3+ 21.
Rxe3 Qg5 22. Qd4 Rad8 23. Qf4 Qxf4 24. gxf4 b5 25. a3 b4 26. axb4 axb4 27. Nb1
Bc4 28. Ra5 Nb3 29. Ra4 c5 30. d6 Nd4 31. Nd2 Be6 1/2-1/2

[Event "Kandidatklassen"]
[Site "Svendborg"]
[Date "2016.03.27"]
[Round "6"]
[White "Moller, Morten Kock"]
[Black "Olsen, Filip Boe"]
[Result "1/2-1/2"]
[WhiteElo "2244"]
[BlackElo "2192"]
[PlyCount "74"]
[EventDate "2016.03.22"]
[EventType "swiss"]
[EventRounds "7"]
[EventCountry "DEN"]

1. e4 c6 2. c4 d5 3. exd5 cxd5 4. cxd5 Nf6 5. Nc3 Nxd5 6. Nf3 Nc6 7. Bb5 e6 8.
O-O Be7 9. d4 O-O 10. Re1 Bb4 11. Qd3 Nce7 12. Ba4 b6 13. Bc2 Ng6 14. h4 Re8
15. h5 Nf8 16. Ne5 Bb7 17. Bd2 Be7 18. Ba4 Nb4 19. Qg3 b5 20. Bxb5 Nc2 21. Bxe8
Qxe8 22. Bh6 g6 23. Ng4 Qb8 24. Bf4 Qd8 25. Nh6+ Kg7 26. Bc7 Qd7 27. Qf4 f6 28.
Ng4 g5 29. h6+ Kg6 30. Qg3 Nxa1 31. Rxa1 e5 32. Bxe5 Ne6 33. Qd3+ Kh5 34. Qh3+
Kg6 35. Qd3+ Kh5 36. Qe2 Kg6 37. Qd3+ Kh5 1/2-1/2

[Event "Kandidatklassen"]
[Site "Svendborg"]
[Date "2016.03.27"]
[Round "6"]
[White "Rostgaard, Tobias Valentin"]
[Black "Stentebjerg Hansen, Per"]
[Result "0-1"]
[WhiteElo "2222"]
[BlackElo "2291"]
[PlyCount "108"]
[EventDate "2016.03.22"]
[EventType "swiss"]
[EventRounds "7"]
[EventCountry "DEN"]

1. Nf3 Nf6 2. c4 c6 3. g3 d5 4. Qb3 g6 5. Bg2 Bg7 6. O-O O-O 7. d3 Nbd7 8. cxd5
cxd5 9. Nc3 e6 10. Bd2 b6 11. Rac1 Nc5 12. Qa3 Bd7 13. Ne5 Re8 14. Nxd7 Qxd7
15. b4 Nb7 16. Qa6 Nd6 17. a4 Rec8 18. Nb5 Nxb5 19. Qxb5 Rxc1 20. Rxc1 Rc8 21.
Rxc8+ Qxc8 22. a5 Nd7 23. axb6 axb6 24. e4 d4 25. Bf3 Ne5 26. Bd1 Qc6 27. Qa6
b5 28. Qa5 h5 29. Qa3 Nd7 30. Qa2 Ne5 31. Be2 Kh7 32. h3 Nd7 33. f4 Nb6 34. g4
hxg4 35. hxg4 Na4 36. Bf3 Bf8 37. f5 gxf5 38. gxf5 Qd6 39. Kg2 Bh6 40. Bxh6
Kxh6 41. Qd2+ Kh7 42. Qg5 Qe5 43. Qh4+ Kg7 44. Qg5+ Kh7 45. Qe7 Kg7 46. Qd7
exf5 47. exf5 Nc3 48. Qd8 Qf6 49. Qd7 Qg5+ 50. Kh3 Qe3 51. Kg4 Qxd3 52. Qd8 Qe3
53. f6+ Kg6 54. Qg8+ Kxf6 0-1

[Event "Kandidatklassen"]
[Site "Svendborg"]
[Date "2016.03.27"]
[Round "6"]
[White "Nord, Michael"]
[Black "Knudsen, Jesper"]
[Result "1-0"]
[WhiteElo "2064"]
[BlackElo "2087"]
[PlyCount "139"]
[EventDate "2016.03.22"]
[EventType "swiss"]
[EventRounds "7"]
[EventCountry "DEN"]

1. e4 c5 2. Nf3 d6 3. Bb5+ Nd7 4. a4 a6 5. Be2 b6 6. d4 Bb7 7. Nc3 e6 8. O-O
Ngf6 9. d5 e5 10. Nd2 Be7 11. f3 Nf8 12. Nc4 Ng6 13. Rf2 O-O 14. g3 Bc8 15. Bf1
Re8 16. Bd2 Rb8 17. Ne3 Bf8 18. Ng2 h6 19. b3 Nh7 20. h4 Nf6 21. Ne3 Nh5 22.
Nf5 Ne7 23. g4 Nxf5 24. exf5 Nf4 25. Rh2 Be7 26. Be1 Bb7 27. Bg3 g6 28. Bxf4
exf4 29. fxg6 fxg6 30. Qd3 Bf6 31. Qxg6+ Bg7 32. g5 h5 33. Ne4 Rxe4 34. fxe4
Qe8 35. Qxe8+ Rxe8 36. Rd1 Rxe4 37. Re2 Bd4+ 38. Rxd4 Rxd4 39. c4 Kf7 40. Re6
Bc8 41. Rxd6 Bg4 42. Rxb6 Bd1 43. Rxa6 Bxb3 44. Be2 Bxc4 45. Bxh5+ Kf8 46. Rf6+
Kg7 47. d6 f3 48. Bxf3 Rxh4 49. Rf5 Be6 50. Rxc5 Rxa4 51. Re5 Bc8 52. Bh5 Rd4
53. Re7+ Kg8 54. Re8+ Kg7 55. Rxc8 Rxd6 56. Rc5 Rd2 57. Rc7+ Kg8 58. Bf7+ Kg7
59. g6 Rd4 60. Kf2 Rf4+ 61. Kg3 Rf6 62. Kg4 Rf2 63. Rc3 Rb2 64. Rf3 Rb4+ 65.
Rf4 Rb2 66. Kg5 Rb5+ 67. Rf5 Rb2 68. Bd5 Rb1 69. Rf7+ Kh8 70. Rh7# 1-0

[Event "Kandidatklassen"]
[Site "Svendborg"]
[Date "2016.03.27"]
[Round "6"]
[White "Aagaard, Gert"]
[Black "Kristensen, Bjarke Hautop"]
[Result "0-1"]
[WhiteElo "2079"]
[BlackElo "2150"]
[PlyCount "82"]
[EventDate "2016.03.22"]
[EventType "swiss"]
[EventRounds "7"]
[EventCountry "DEN"]

1. d4 Nf6 2. c4 c5 3. Nf3 g6 4. Nc3 cxd4 5. Nxd4 Bg7 6. g3 O-O 7. Bg2 Nc6 8.
O-O Nxd4 9. Qxd4 d6 10. Qh4 Be6 11. Bd2 Qd7 12. Nd5 Bxd5 13. cxd5 Qb5 14. Qb4
Qxb4 15. Bxb4 Nd7 16. Rac1 Rac8 17. b3 f5 18. e4 fxe4 19. Bh3 Rxc1 20. Rxc1 Ne5
21. Rc7 Nd3 22. Bd2 Rxf2 23. Be6+ Kh8 24. Be3 Rf3 25. Bxa7 Nc5 26. Rxe7 Bd4+
27. Kg2 Rf2+ 28. Kh3 e3 29. Bg4 h5 30. Bd1 Rxa2 31. Bxc5 Bxc5 32. b4 Bd4 33.
Re4 Rd2 34. Bf3 Kg7 35. g4 Be5 36. gxh5 gxh5 37. Bxh5 Rxh2+ 38. Kg4 e2 39. Kg5
Bf6+ 40. Kg4 Rh4+ 41. Kf3 Rxe4 0-1

[Event "Kandidatklassen"]
[Site "Svendborg"]
[Date "2016.03.27"]
[Round "6"]
[White "Moller, Sophus Mechlenburg"]
[Black "Schou Moldt, Thomas"]
[Result "1/2-1/2"]
[WhiteElo "2102"]
[BlackElo "2186"]
[PlyCount "113"]
[EventDate "2016.03.22"]
[EventType "swiss"]
[EventRounds "7"]
[EventCountry "DEN"]

1. e4 d6 2. d4 Nf6 3. Nc3 g6 4. Be3 c6 5. Qd2 b5 6. Bd3 Nbd7 7. Nf3 a6 8. O-O
Ng4 9. Bg5 Qc7 10. h3 Ngf6 11. a4 b4 12. Ne2 a5 13. Ng3 Ng8 14. c3 bxc3 15.
bxc3 Bg7 16. Bc4 e5 17. Rfd1 h6 18. Be3 Ne7 19. dxe5 dxe5 20. Qd6 Qxd6 21. Rxd6
Nf8 22. Rb1 Rh7 23. Nd2 f5 24. exf5 gxf5 25. Nh5 f4 26. Bb6 Bf5 27. Re1 Nd7 28.
Nxg7+ Rxg7 29. Bc7 Bxh3 30. Rxh6 Bxg2 31. Rh8+ Nf8 32. Bxe5 Rg6 33. Kh2 Bd5 34.
Bxd5 Nxd5 35. Bxf4+ Kf7 36. Bg3 Rg8 37. Rxg8 Kxg8 38. Be5 Re8 39. Rg1+ Kf7 40.
Nc4 Ke6 41. Bd4 c5 42. Re1+ Kd7 43. Rxe8 Kxe8 44. Bxc5 Nxc3 45. Nb2 Nd7 46. Bd4
Ne2 47. Be3 Ke7 48. Kg2 Ke6 49. Bd2 Ne5 50. Bxa5 Nf4+ 51. Kh2 Ned3 52. Nxd3
Nxd3 53. f3 Ne5 54. f4 Nd3 55. f5+ Kxf5 56. Bb6 Ke6 57. a5 1/2-1/2